Satisfied - Hamilton - Lyrics part 1 - Statistics

General Stats
  • This quiz has been taken 478 times
    469 since last reset
  • The average score is 417 of 500
Answer Stats
Answer % Correct
A
98%
a
98%
I
98%
the
97%
The
97%
you
97%
You
97%
to
96%
To
96%
that
95%
That
95%
Who
95%
who
95%
Be
94%
be
94%
by
94%
is
94%
Is
94%
satisfied
94%
sister
94%
your
94%
bride
93%
for
93%
From
93%
from
93%
groom
93%
my
93%
My
93%
And
92%
and
92%
Angelica
92%
Ha
92%
I'm
92%
it
92%
of
92%
always
91%
no
91%
side
91%
So
91%
so
91%
what
91%
Alexander
90%
as
90%
he
90%
toast
90%
union
90%
May
89%
me
89%
never
89%
have
88%
hope
88%
in
88%
just
88%
night
88%
provide
88%
remember
88%
when
88%
hi
87%
like
87%
has
86%
win
86%
about
85%
been
85%
days
85%
Hamilton
85%
know
85%
name
85%
rest
85%
Schuyler
85%
this
85%
time
85%
give
84%
then
84%
Then
84%
But
83%
but
83%
eyes
83%
forget
83%
mean
83%
might
83%
one
83%
right
83%
Where
83%
boy
82%
every
82%
face
82%
family
82%
I'll
82%
same
82%
there's
82%
two
82%
wait
82%
done
81%
first
81%
haven't
81%
million
81%
Rewind
81%
rewind
81%
saw
81%
things
81%
at
80%
It's
80%
it's
80%
maid
80%
said
80%
three
80%
up
80%
Where's
80%
does
79%
forgot
79%
honor
79%
see
79%
can't
78%
his
78%
His
78%
maybe
78%
seat
78%
Unimportant
78%
with
78%
You're
78%
are
77%
feels
77%
hell
77%
Helpless
77%
him
77%
not
77%
strike
77%
those
77%
yourself
77%
don't
76%
Intelligent
76%
oldest
76%
Set
76%
set
76%
woman
76%
father
75%
He's
75%
he's
75%
marry
75%
match
75%
our
75%
rich
75%
soldier
75%
boys
74%
heart
74%
minutes
74%
penniless
74%
Penniless
74%
regret
74%
she
74%
someone
74%
That's
74%
want
74%
we
74%
all
73%
doesn't
73%
dream
73%
game
73%
girl
73%
her
73%
praise
73%
social
73%
sure
73%
talking
73%
any
72%
conversation
72%
job
72%
life
72%
only
72%
world
72%
aflame
71%
bit
71%
climb
71%
dang
71%
exact
71%
lasted
71%
less
71%
way
71%
catch
70%
change
70%
city
70%
hands
70%
Number
70%
place
70%
realize
70%
sister's
70%
sons
70%
truths
70%
feeling
69%
means
69%
New-york
69%
taking
69%
wittiest
69%
chance
68%
gossip
68%
lead
68%
meet
68%
over
68%
part
68%
which
68%
Alright
67%
alright
67%
did
67%
frame
67%
Handsome
67%
pants
67%
total
67%
why
67%
asked
66%
'cause
66%
flirt
66%
key
66%
themselves
66%
answer
65%
Ben
65%
candlelight
65%
even
65%
Everything
65%
Franklin
65%
freedom
65%
fundamental
65%
kite
65%
pleasure
65%
turn
65%
after
64%
fuzz
64%
grow
64%
I'd
64%
quite
64%
status
64%
tripping
64%
away
63%
light
63%
Peach
63%
take
63%
agreement
62%
aside
62%
dance
62%
elevates
62%
level
62%
naive
62%
Now
62%
Elizabeth
61%
far
60%
flying
59%
insidious
58%
seeing
58%
started
58%
posture
56%
stance
56%
looked
55%
wanna
55%
fidgeting
54%
wits
54%
everyone
52%
hunger-pang
52%
dreamlike
50%
askance
43%
introduced
42%
I'ma
41%
No matching quizzes found
Score Distribution
Percent of People with Each Score
Percentile by Number Answered
Your Score History
You have not taken this quiz since the last reset